Mechanics (Record no. 5597)

MARC details
000 -LEADER
fixed length control field 00363nam a2200157Ia 4500
008 - FIXED-LENGTH DATA ELEMENTS--GENERAL INFORMATION
fixed length control field 221030s9999 xx 000 0 und d
020 ## - INTERNATIONAL STANDARD BOOK NUMBER
ISBN 8121905990
041 ## - LANGUAGE CODE
Language code of text/sound track or separate title
082 ## - DEWEY DECIMAL CLASSIFICATION NUMBER
Classification number 105.23
100 ## - MAIN ENTRY--AUTHOR NAME
Personal name D. S. Mathur
245 #0 - TITLE STATEMENT
Title Mechanics
Statement of responsibility, etc by D. S. Mathur
260 ## - PUBLICATION, DISTRIBUTION, ETC. (IMPRINT)
Name of publisher S. Chand & Co.
Place of publication New Delhi
Year of publication 2007
300 ## - PHYSICAL DESCRIPTION
Number of Pages 818
650 ## - SUBJECT ADDED ENTRY--TOPICAL TERM
Topical Term Physics
942 ## - ADDED ENTRY ELEMENTS (KOHA)
Koha item type Books
Holdings
Accession Number Cost, normal purchase price Full call number Price effective from Koha item type Withdrawn / writtenoff status Materials specified (bound volume or other part) Damaged status Not for loan Permanent Location Current Location Shelving location Date acquired Lost/ Missing status department
BE 9425 210.00 105.23 10/30/2022 Books   Print   Not For Loan MIET Library, Jammu MIET Library, Jammu BL-Second, FL-1, CUP-16, SH-3, R-3 03/14/2008   BE
BE 9426 210.00 105.23 10/30/2022 Books   Print     MIET Library, Jammu MIET Library, Jammu BL-Academic Block- C, FL-2, CUP-127, SH-5, R-5 03/14/2008   BE
BE 9427 210.00 105.23 10/30/2022 Books   Print     MIET Library, Jammu MIET Library, Jammu BL-Academic Block- C, FL-2, CUP-127, SH-5, R-5 03/14/2008   BE
BE 9428 210.00 105.23 10/30/2022 Books   Print     MIET Library, Jammu MIET Library, Jammu BL-Academic Block- C, FL-2, CUP-127, SH-5, R-5 03/14/2008   BE
BE 9429 210.00 105.23 10/30/2022 Books   Print     MIET Library, Jammu MIET Library, Jammu BL-Academic Block- C, FL-2, CUP-127, SH-5, R-5 03/14/2008   BE